Playable Characters in LEGO Jurassic World - Statistics

General Stats
  • This quiz has been taken 145 times
  • The average score is 80 of 173
Answer Stats
Character % Correct
Alan Grant
92%
Alan Grant (Isla Sorna)
92%
Alan Grant (Lecture)
92%
Alan Grant (Montana)
92%
Alan Grant (Survivor)
92%
John Hammond
84%
John Hammond (Lost World)
84%
Tyrannosaurus Rex
84%
Owen Grady
82%
Owen Grady (Survivor)
82%
Ellie Degler
80%
Ellie Sattler
80%
Ellie Sattler (Montana)
80%
Ellie Sattler (Raincoat)
80%
Ellie Sattler (Survivor)
80%
Ian Malcolm
78%
Ian Malcolm (Isla Sorna)
78%
Ian Malcolm (San Diego)
78%
Ian Malcolm (Survivor)
78%
Velociraptor
78%
Lex Murphy
69%
Lex Murphy (Survivor)
69%
Velociraptor (Blue)
69%
Claire Dearing
67%
Claire Dearing (Lab)
67%
Claire Dearing (Survivor)
67%
Dennis Nedry
67%
Dennis Nedry (Costa Rica)
67%
Dennis Nedry (Raincoat)
67%
Indominus Rex
67%
Triceratops
67%
Compsognathus
65%
Velociraptor (Delta)
65%
Barry
63%
Dilophosaurus
63%
Henry Wu (Jurassic Park)
63%
Velociraptor (Charlie)
63%
Velociraptor (Echo)
63%
Eric Kirby
61%
Eric Kirby (Disguise)
61%
Eric Kirby (Survivor)
61%
Henry Wu (Jurassic World)
61%
Mr. D.N.A.
61%
Paul Kirby
61%
Paul Kirby (Dinner)
61%
Paul Kirby (Montana)
61%
Robert Muldoon
61%
Robert Muldoon (Raincoat)
61%
Timmy Murphy
61%
Timmy Murphy (Survivor)
61%
Ankylosaurus
59%
Pteranodon
59%
Spinosaurus
59%
Brachiosaurus
57%
Gallimimus
57%
Gray Mitchell
57%
Gray Mitchell (Survivor)
57%
Sarah Harding
57%
Sarah Harding (San Diego)
57%
Stegosaurus
57%
Amanda Kirby
55%
Amanda Kirby (Dinner)
55%
Zach Mitchell
55%
Zach Mitchell (Survivor)
55%
Mosasaurus
53%
Nick Van Owen
53%
Pachycephalosaurus
53%
Kelly Malcolm
51%
Supervisor Nick
51%
Udesky
51%
Udesky (Alt)
51%
Apatosaurus
49%
Billy Brennan
49%
Dimorphodon
49%
Eddie Carr
49%
Ray Arnold
49%
Roland Tembo
49%
Gerry Harding
47%
Simon Masrani
47%
Steven Spielberg
47%
Cooper
45%
Cooper (Runway)
45%
Donald Gennaro
45%
Donald Gennaro (Bathroom)
45%
Troodon
45%
Corythosaurus
43%
Nash
43%
Nash (Runway)
43%
Ankylosaurus (Skeleton)
41%
Apatosaurus (Skeleton)
41%
Baryonyx
41%
Compsognathus (Skeleton)
41%
Dilophosaurus (Skeleton)
41%
Gallimimus (Skeleton)
41%
Indominus Rex (Skeleton)
41%
Jophery Brown
41%
Mosasaurus (Skeleton)
41%
Pachycephalosaurus (Skeleton)
41%
Parasaurolophus
41%
Peter Ludlow
41%
Peter Ludlow (Isla Sorna)
41%
Pteranodon (Skeleton)
41%
Spinosaurus (Skeleton)
41%
Stegosaurus (Skeleton)
41%
Tyrannosaurus Rex (Skeleton)
41%
Velociraptor (Skeleton)
41%
Brachiosaurus (Skeleton)
39%
Corythosaurus (Skeleton)
39%
Dieter Stark
39%
Dimorphodon (Skeleton)
39%
Parasaurolophus (Skeleton)
39%
Robert Burke
39%
Triceratops (Skeleton)
39%
Zara
39%
Baryonyx (Skeleton)
37%
Carter
37%
InGen Scientist
37%
Troodon (Skeleton)
37%
Tyrannosaurus Rex (Baby)
37%
Vic Hoskins
37%
Triceratops (Baby)
35%
Velociraptor (Baby)
35%
Vivian
35%
Ajay Sidhu
33%
Colin Trevorrow
33%
Jimmy Fallon
33%
Fisherman Jim
31%
Hamada
31%
Stegosaurus (Baby)
31%
Ben Hildebrand
29%
Charlie Degler
29%
Dig Site Kid
29%
Dino Handler Vic
29%
Jurassic Park Veterinarian
29%
Jurassic World Veterinarian
29%
ACU Trooper Female
27%
ACU Trooper Male
27%
Jurassic World Worker
27%
Lowery
27%
Mark Degler
27%
Soldier
27%
Cathy Bowman
24%
Deirdre Bowman
24%
InGen Lab Technician
24%
Paul Bowman
24%
Carlos
22%
Enrique Cardoso
22%
InGen Guard Jerry
22%
Dino Handler (Beach)
20%
Gyrosphere Operator Josh
20%
InGen Hunter
20%
Juanito Rostagno
20%
Jurassic Park Driver
20%
Unlucky Bystander
20%
Cheryl Logan
18%
Dino Handler Bob
18%
Handler Ellis
18%
InGen Mechanic
18%
InGen Mercenary
18%
InGen Scout
18%
Jurassic World Ranger
18%
Scientist Phil
18%
SS Venture Crewman
18%
Yacht Crewman
18%
Young Raptor Handler
18%
Dig Site Volunteer
16%
DJ Master Frank
16%
InGen Harbour Master
16%
Pilot Pat
16%
InGen Guard Berner
14%
InGen Investor Gerald
14%
Jurassic Park Warden
14%
Raptor Handler Jenny
12%
No matching quizzes found
Score Distribution
Percent of People with Each Score
Percentile by Number Answered
Your Score History
You have not taken this quiz